Datum a čas kvízu
24.5
Celkem bodů
Celkový počet nahraných bodů na tomto kvízu bez doplňovacích otázek.
2.
Pořadí na kvízu
Konečné umístění týmu na tomto kvízu.
Zaznamenané odpovědi
| # | Otázka | Odpověď | Body | Výsledky |
|---|---|---|---|---|
| 1. | Dne 7. října 1989, tedy ještě... | Ferdinand Vaněk | 1 | |
| 2. | Americká společnost Johnson &... | narostla mu prsa | 1 | |
| 3. | Hudební svět přišel o další le... | Cream | 0 | |
| 4. | Společnost Adobe minulý týden... | Venezuela | 0 | |
| 5. | V pátek se v Praze odehrál zá... | Vladimír Darida | 1 | |
| 6. | Téma o Brazílii zvítězilo ve f... | pátou a pátou | 0 | |
| 7. | Pokud bychom chtěli v říjnu 20... | v Curychu | 0 | |
| 8. | Věříme, že většina z Vás bude... | Paulo Coelho, Jorge Amado | 0.5 | |
| 9. | Především venkovská brazilská... | maniok | 0 | |
| 10. | Co se týče slavných osobností,... | Adriana Lima | 0 |